Historia - prawda czy fałsz #2 - Statystyki

Ogólne statystyki
  • Ten quiz został rozwiązany 4 891 razy
  • Średni wynik to 13 z 18
Statystyki odpowiedzi
Zagadnienie Odpowiedź % Poprawnych
W młodości Adolf Hitler chciał zostać artystą. Prawda
95%
Indie nigdy nie zostały skolonizowane przez europejską potęgę. Fałsz
91%
Związek Radziecki był pierwszym krajem, który wystrzelił satelitę na orbitę. Prawda
90%
W II wojnie światowej zginęło więcej ludzi niż w I wojnie światowej. Prawda
89%
W pewnym okresie większość Półwyspu Iberyjskiego była rządzona przez muzułmanów. Prawda
86%
Rosja nigdy nie była rządzona przez kobietę. Fałsz
84%
Bitwa pod Maratonem miała miejsce w starożytnej Grecji. Prawda
84%
W średniowieczu, w Europie większość ludzi pracowała na farmach. Prawda
82%
Cesarze w cesarskich Chinach mieli zazwyczaj wiele konkubin. Prawda
76%
Imię Juliusza Cezara (praenomen) tak naprawdę nie brzmiało Juliusz. Prawda
71%
Inkowie byli społeczeństwem matriarchalnym, w którym niemal wszystkie ważne decyzje polityczne podejmowane były przez kobiety. Fałsz
70%
Kapsztad został pierwotnie założony przez Francuzów. Fałsz
66%
Che Guevara był pacyfistą. Fałsz
65%
Miód pitny to napój wytwarzany ze sfermentowanych ziaren, takich jak jęczmień lub żyto. Fałsz
62%
Współczesna osoba mówiąca po angielsku może mniej więcej zrozumieć staroangielski. Fałsz
56%
Abraham Lincoln był pierwszym republikaninem wybranym na prezydenta Stanów Zjednoczonych. Prawda
56%
Henry Ford wynalazł samochód. Fałsz
55%
Pomimo swojej reputacji generała, Napoleon w rzeczywistości przegrał więcej bitew niż wygrał Fałsz
54%
Nie znaleziono quizów pasujących do podanych kryteriów
Rozkład punktacji
Procent ludzi z każdym wynikiem
Percentyl według liczby udzielonych odpowiedzi
Twoja historia wyników
Nie rozwiązałeś tego quizu